1178 1173 1783 1753 1972 1870 1124 1503 1533 1853 1245 1455 1951 1729 1341 1643 1060 1474 1258 1820 1356 1845 1195 1459 1580 1775 1271 1234 1511 1210 1498 1371 1669 1401 1071 1157 1910 1908 1349 1834 1679 1754 1838 1171 1951 1200 1234 1006 1416 1831 1628 1915 1990 1643 1189 1267 1084 1818 1008 1271 1370 1407 1042 1507 1820 1946 1326 1986 1682 1653 1104 1740 1942 1110 1547 1909 1853 1522 1729 1354 1367 1997 1159 1008 1610 1713 1582 1903 1011 1473 1395 1476 1698 1143 1027 1977 1797 1087 1956 BCNSPRNW ULIB Ver.6.0+V

เปลี่ยนเป็นภาษาไทย

Change to English
 แสดงรายละเอียดบรรณานุกรม
  กลับหน้าหลัก

Brief Record : Get Marc (ISO 2709) : E-mail record : QR code < ปิดหน้าต่าง
LEADER : 00000nam 2200000uu 4500
001    13399110272
003     ULIB
008    110427s2542||||th 000 0 tha d
020    97470603337
060 04 WM171^bด134ร 2542
100 0  ดวงใจ กสานติกุล
245 10 โรคซึมเศร้า รักษาหายได้ และโรคอารมณ์ผิดปกติ /^cดวงใจกสานติกุล
250    พิมพ์ครั้งที่ 1
260    กรุงเทพฯ :^bโรงพิมพ์นำอักษรการพิมพ์,^c2542
300    179 หน้า :^bตาราง
504    บรรณานุกรม: หน้า 150-161
650  2 Depressive disorders
650  2 Depression
945    ^p180^l0^i013638
945    ^p180^l0^i012573
945    ^p180^l0^i012572
945    ^p180^l0^i012571
945    ^p180^l0^i013637
995    ทศพร
999 ^a ใช้งานได้ทุกระบบ
รายการนี้ยังไม่มีแท็ก
คุณยังไม่ได้ล็อกอิน คุณสามารถมีกิจกรรมร่วมกับเว็บไซต์ได้ แต่ต้องล็อกอินก่อน ::
  ล็อกอิน

รายการสื่อสารสนเทศ

ลำดับที่ ประเภท เลขเรียก/บาร์โค้ด สถานที่ สถานะ
- ไม่พบข้อมูล -

รายการใกล้เคียง
    หัวเรื่อง [Depression]

BibComment


ยังไม่เคยถูกคอมเมนท์

คอมเมนท์ทรัพยากรรายการนี้
  คอมเมนท์: โรคซึมเศร้า รักษา..


 Copyright 2026. Bcnsprnw @Library